000 01555nam a2200253Ia 4500
003 Ost
005 20260507074841.0
008 260507s9999||||xx |||||||||||||| ||und||
020 _a9789957328429
040 _cfsecg
041 _aara
082 _a659.1
100 _aكافي، مصطفى يوسف
_eمؤلف
245 0 _aتخطيط الحملات الإعلامية والإعلانية /
_c مصطفى يوسف كافي
246 _a Media campaign plannig
260 _aعمان:
_bدار الحامد للنشر والتوزيع,
_c2015
300 _a285 صفحة؛
_bإيضاحات ؛
_c25 سم
504 _aمراجع ص.281
520 _a ماهية الحملة الاعلامية و أسسها و أنواعها و أسباب ظهورها و عوامل النجاح و أسباب الاخفاق و العناصر الاتصالية فيها و تحديد وسائل الاتصال و تناول الحملات الاعلامية و تغيير الاتجاهات و التخطيط الاعلامي و مراحل القيام بالحملة الاعلامية و إعداد الرسالة الاعلامية و نماذج عنها كما تم التطرق الى الاتصالات التسويقية و الاعلان و تطوره و أهميته و تناول المستهلك و الاعلان ووكالات الاعلان و تخطيط الحملة الاعلانية و حملة التخطيط .
653 _aالإعلام - الإعلان
653 _aالإعلان
653 _aالدعاية
942 _cكتاب
999 _c41517
_d41517